| 000 | 00831cam a22002535a 4500 | ||
|---|---|---|---|
| 001 | 18322210 | ||
| 005 | 20150331153555.0 | ||
| 008 | 141001t2015 maua frbd 001 0 eng d | ||
| 020 | _a9780124171374 | ||
| 040 |
_aDLC _cDLC _dEG-ScBUE |
||
| 082 | 0 | 0 |
_222 _bBAR _a004.35 |
| 100 | 1 | _aBarlas, Gerassimos. | |
| 245 | 1 | 0 |
_aMulticore and GPU programming : _ban integrated approach / _cGerassimos Barlas. |
| 260 |
_aWaltham : _bMorgan Kaufmann, Elsevier, _cc.2015. |
||
| 300 |
_axix, 677 p. : _bill. ; _c23 cm. |
||
| 500 | _aGlossary : p. 659-660. | ||
| 500 | _aIndex : p. 665-677. | ||
| 504 | _aBibliography : p. 661-663. | ||
| 650 | 0 |
_aMultiprocessors _xProgramming. _937564 |
|
| 650 | 0 |
_937076 _aParallel programming (Computer science). |
|
| 653 |
_bENGGEN _cMarch2015 |
||
| 655 |
_vreading book _934232 |
||
| 942 |
_2ddc _k004.35 BAR |
||
| 999 |
_c19147 _d19119 |
||